| 000 | 00752cam a22002177a 4500 | ||
|---|---|---|---|
| 999 |
_c57446 _d57446 |
||
| 001 | 17581425 | ||
| 005 | 20220929152839.0 | ||
| 008 | 130107s2013 gw a b 001 0 eng d | ||
| 020 | _a9783034805476 | ||
| 041 | _aeng | ||
| 080 | _a517.55 C-87 | ||
| 100 | 1 |
_aCruz-Uribe, David V. _98660 |
|
| 245 | 1 | 0 |
_aVariable Lebesgue spaces : _bfoundations and harmonic analysis / _cDavid V. Cruz-Uribe, Alberto Fiorenza. |
| 264 | 4 |
_c2013. _aNew York : _bBirkhäuser/Springer, |
|
| 300 |
_a312 pages ; _c24 cm. |
||
| 653 | _aმათემატიკა | ||
| 653 | _aცვლადი ფუნქციები | ||
| 700 | 1 |
_aFiorenza, Alberto. _eავტორი _98663 |
|
| 830 | 0 |
_aApplied and numerical harmonic analysis. _98664 |
|
| 942 |
_2udc _cBK |
||